[Event "Campeonato España Sub 14"]
[Site "Salobreña"]
[Date "2017.07.21"]
[Round "7"]
[White "Sanabria Taskila, Jenny Maria"]
[Black "Martin Barcelo, Carles"]
[Result "1-0"]
[Board "20"]
[WhiteClock "1:30"]
[WhiteElo "1674"]
[WhiteCountry "ESP"]
[WhiteFideId "32066139"]
[WhiteEloChange "15"]
[BlackClock "1:30"]
[BlackElo "1852"]
[BlackCountry "ESP"]
[BlackFideId "24561444"]
[BlackEloChange "-15"]

1. e4 {[%clk 1:30:00]} e6 {[%clk 1:30:00]} 2. d4 {[%clk 1:31:00]} d5 {[%clk
1:31:00]} 3. e5 {[%clk 1:31:00]} c5 {[%clk 1:31:00]} 4. c3 {[%clk 1:31:00]} Qb6
{[%clk 1:31:00]} 5. Nf3 {[%clk 1:31:00]} Bd7 {[%clk 1:32:00]} 6. Na3 {[%clk
1:31:00]} cxd4 {[%clk 1:31:00]} 7. cxd4 {[%clk 1:31:00]} Bb4+ {[%clk 1:30:00]} 8.
Bd2 {[%clk 1:31:00]} Ne7 {[%clk 1:26:00]} 9. Bxb4 {[%clk 1:18:00]} Qxb4+ {[%clk
1:26:00]} 10. Qd2 {[%clk 1:19:00]} Qxd2+ {[%clk 1:19:00]} 11. Nxd2 {[%clk
1:18:00]} a6 {[%clk 1:19:00]} 12. Bd3 {[%clk 1:16:00]} Nbc6 {[%clk 1:16:00]} 13.
Nc2 {[%clk 1:14:00]} O-O {[%clk 1:09:00]} 14. O-O {[%clk 1:11:00]} Rfc8 {[%clk
1:07:00]} 15. Nb3 {[%clk 1:06:00]} b6 {[%clk 0:56:00]} 16. a4 {[%clk 0:59:00]} a5
{[%clk 0:51:00]} 17. Rfc1 {[%clk 0:54:00]} Na7 {[%clk 0:43:00]} 18. Ra3 {[%clk
0:46:00]} Rc6 {[%clk 0:38:00]} 19. Ba6 {[%clk 0:44:00]} Bc8 {[%clk 0:38:00]} 20.
Bd3 {[%clk 0:43:00]} Bb7 {[%clk 0:38:00]} 21. Kf1 {[%clk 0:41:00]} Rac8 {[%clk
0:37:00]} 22. Raa1 {[%clk 0:41:00]} R6c7 {[%clk 0:34:00]} 23. Ke1 {[%clk
0:38:00]} Nec6 {[%clk 0:32:00]} 24. Kd1 {[%clk 0:37:00]} Nb8 {[%clk 0:30:00]} 25.
Na3 {[%clk 0:35:00]} Ba6 {[%clk 0:27:00]} 26. Nb5 {[%clk 0:34:00]} Nxb5 {[%clk
0:24:00]} 27. axb5 {[%clk 0:33:00]} Bb7 {[%clk 0:23:00]} 28. Rxc7 {[%clk
0:32:00]} Rxc7 {[%clk 0:23:00]} 29. Ra4 {[%clk 0:31:00]} Bc8 {[%clk 0:18:29]} 30.
Na1 {[%clk 0:27:00]} Kf8 {[%clk 0:15:41]} 31. Nc2 {[%clk 0:25:00]} Ke7 {[%clk
0:11:01]} 32. Kd2 {[%clk 0:24:00]} h6 {[%clk 0:07:11]} 33. b4 {[%clk 0:22:00]}
axb4 {[%clk 0:07:28]} 34. Nxb4 {[%clk 0:22:00]} Kd8 {[%clk 0:06:31]} 35. Ra3
{[%clk 0:19:48]} Kd7 {[%clk 0:03:48]} 36. Be2 {[%clk 0:18:21]} Kd8 {[%clk
0:02:17]} 37. h4 {[%clk 0:17:50]} Ke7 {[%clk 0:00:53]} 38. h5 {[%clk 0:17:09]} f6
{[%clk 0:00:35]} 39. f4 {[%clk 0:12:10]} Bd7 {[%clk 0:00:32]} 40. Ra8 {[%clk
0:11:12]} Rc8 {[%clk 0:00:43]} 41. Ra7 {[%clk 0:11:08]} Kd8 {[%clk 0:00:32]} 42.
Rb7 {[%clk 0:11:22]} f5 {[%clk 0:00:32]} 43. g3 {[%clk 0:11:03]} Ke7 {[%clk
0:00:33]} 44. Rxb6 {[%clk 0:10:52]} Kd8 {[%clk 0:00:55]} 45. Rb7 {[%clk 0:10:37]}
Ke7 {[%clk 0:00:31]} 46. Ra7 {[%clk 0:09:06]} Ke8 {[%clk 0:00:32]} 47. b6 {[%clk
0:08:31]} Nc6 {[%clk 0:00:31]} 48. Nxc6 {[%clk 0:08:25]} Bxc6 {[%clk 0:00:47]}
49. Ba6 {[%clk 0:07:28]} Rb8 {[%clk 0:01:07]} 50. b7 {[%clk 0:07:10]} Kd8 {[%clk
0:00:48]} 51. Kc3 {[%clk 0:06:28]} Kc7 {[%clk 0:01:02]} 52. Kb4 {[%clk 0:06:20]}
Kb6 {[%clk 0:00:51]} 53. Ra8 {[%clk 0:06:25]} Rxa8 {[%clk 0:01:02]} 54. bxa8Q
{[%clk 0:06:34]} Bxa8 {[%clk 0:01:24]} 55. Bc8 {[%clk 0:06:57]} Bc6 {[%clk
0:01:33]} 56. Bxe6 {[%clk 0:06:34]} Be8 {[%clk 0:01:59]} 57. Bxd5 {[%clk
0:05:50]} Bxh5 {[%clk 0:02:22]} 58. Be6 {[%clk 0:05:54]} Bg6 {[%clk 0:00:58]} 59.
Bd7 {[%clk 0:05:33]} Kc7 {[%clk 0:00:36]} 60. e6 {[%clk 0:05:33]} Kd6 {[%clk
0:00:44]} 61. Kc4 {[%clk 0:04:58]} Bh7 {[%clk 0:00:33]} 62. d5 {[%clk 0:04:31]}
g5 {[%clk 0:00:43]} 63. Be8 {[%clk 0:04:25]} gxf4 {[%clk 0:00:32]} 64. gxf4
{[%clk 0:04:43]} Ke7 {[%clk 0:00:34]} 65. Bf7 {[%clk 0:04:45]} Kd6 {[%clk
0:00:37]} 66. Kd4 {[%clk 0:04:57]} h5 {[%clk 0:00:34]} 67. Bxh5 {[%clk 0:04:56]}
Bg8 {[%clk 0:00:56]} 68. Bf7 {[%clk 0:03:48]} Bh7 {[%clk 0:01:12]} 69. Kc4 {[%clk
0:03:49]} Ke7 {[%clk 0:01:12]} 70. Kc5 {[%clk 0:03:49]} Kf6 {[%clk 0:01:12]} 71.
Kd6 {[%clk 0:03:49]} 1-0

[Event "Campeonato España Sub 14"]
[Site "Salobreña"]
[Date "2017.07.21"]
[Round "7"]
[White "Ponseti Lluch, Joan"]
[Black "Clemente Chen, Alfredo"]
[Result "1-0"]
[Board "21"]
[WhiteClock "n/a"]
[WhiteElo "1633"]
[WhiteCountry "ESP"]
[WhiteFideId "32088345"]
[WhiteEloChange "15"]
[BlackClock "n/a"]
[BlackElo "1809"]
[BlackCountry "ESP"]
[BlackFideId "32066023"]
[BlackEloChange "-15"]

1. Nf3 {[%clk 1:30:30]} Nf6 {[%clk 1:30:30]} 2. c4 {[%clk 1:30:30]} e6 {[%clk
1:30:30]} 3. g3 {[%clk 1:30:30]} b6 {[%clk 1:30:30]} 4. Bg2 {[%clk 1:30:30]} Bb7
{[%clk 1:30:30]} 5. O-O {[%clk 1:30:30]} Be7 {[%clk 1:30:30]} 6. d4 {[%clk
1:30:30]} O-O {[%clk 1:30:30]} 7. Qc2 {[%clk 1:30:30]} c5 {[%clk 1:30:30]} 8.
dxc5 {[%clk 1:30:30]} Bxc5 {[%clk 1:30:30]} 9. Nc3 {[%clk 1:30:30]} Qe7 {[%clk
1:30:30]} 10. Rd1 {[%clk 1:30:30]} h6 {[%clk 1:30:30]} 11. a3 {[%clk 1:30:30]} a5
{[%clk 1:30:30]} 12. Na4 {[%clk 1:30:30]} Na6 {[%clk 1:30:30]} 13. Bf4 {[%clk
1:30:30]} d5 {[%clk 1:30:30]} 14. Nxc5 {[%clk 1:30:30]} Nxc5 {[%clk 1:30:30]} 15.
b4 {[%clk 1:30:30]} axb4 {[%clk 1:30:30]} 16. axb4 {[%clk 1:30:30]} Na6 {[%clk
1:30:30]} 17. b5 {[%clk 1:30:30]} Nc5 {[%clk 1:30:30]} 18. cxd5 {[%clk 1:30:30]}
Nxd5 {[%clk 1:30:30]} 19. Bd2 {[%clk 1:30:30]} Qf6 {[%clk 1:30:30]} 20. Rxa8
{[%clk 1:30:30]} Rxa8 {[%clk 1:30:30]} 21. Be1 {[%clk 1:30:30]} Ra1 {[%clk
1:30:30]} 22. Nd4 {[%clk 1:30:30]} Rxd1 {[%clk 1:30:30]} 23. Qxd1 {[%clk
1:30:30]} Nc7 {[%clk 1:30:30]} 24. Bxb7 {[%clk 1:30:30]} Nxb7 {[%clk 1:30:30]}
25. Qd3 {[%clk 1:30:30]} Qe5 {[%clk 1:30:30]} 26. Bb4 {[%clk 1:30:30]} Nc5 {[%clk
1:30:30]} 27. Bxc5 {[%clk 1:30:30]} Qxc5 {[%clk 1:30:30]} 28. Nc6 {[%clk
1:30:30]} Nxb5 {[%clk 1:30:30]} 29. Qd8+ {[%clk 1:30:30]} Kh7 {[%clk 1:30:30]}
30. Ne7 {[%clk 1:30:30]} 1-0

[Event "Campeonato España Sub 14"]
[Site "Salobreña"]
[Date "2017.07.21"]
[Round "7"]
[White "Dominguez Laguna, Eduard"]
[Black "Cano Vila, Eduard"]
[Result "1-0"]
[Board "22"]
[WhiteClock "1:30"]
[WhiteElo "1807"]
[WhiteCountry "ESP"]
[WhiteFideId "24591742"]
[WhiteEloChange "5"]
[BlackClock "1:30"]
[BlackElo "1594"]
[BlackCountry "ESP"]
[BlackFideId "24509833"]
[BlackEloChange "-5"]

1. e4 {[%clk 1:30:00]} e5 {[%clk 1:30:00]} 2. Nf3 {[%clk 1:31:00]} Nc6 {[%clk
1:31:00]} 3. Bb5 {[%clk 1:31:00]} a6 {[%clk 1:31:00]} 4. Ba4 {[%clk 1:31:00]} Nf6
{[%clk 1:31:00]} 5. d3 {[%clk 1:31:00]} b5 {[%clk 1:31:00]} 6. Bb3 {[%clk
1:31:00]} Be7 {[%clk 1:31:00]} 7. c3 {[%clk 1:31:00]} O-O {[%clk 1:32:00]} 8. O-O
{[%clk 1:31:00]} d5 {[%clk 1:31:00]} 9. Nbd2 {[%clk 1:24:00]} Bg4 {[%clk
1:29:00]} 10. h3 {[%clk 1:22:00]} Bh5 {[%clk 1:24:00]} 11. Re1 {[%clk 1:18:00]}
Qd7 {[%clk 1:14:00]} 12. exd5 {[%clk 1:01:00]} Nxd5 {[%clk 1:04:00]} 13. Nxe5
{[%clk 0:47:00]} Bxd1 {[%clk 0:14:51]} 14. Nxd7 {[%clk 0:47:00]} Bxb3 {[%clk
0:14:55]} 15. Nxf8 {[%clk 0:38:00]} Bc2 {[%clk 0:15:07]} 16. Nd7 {[%clk 0:38:00]}
Bxd3 {[%clk 0:13:33]} 17. Ne5 {[%clk 0:35:00]} Nxe5 {[%clk 0:13:56]} 18. Rxe5
{[%clk 0:36:00]} c6 {[%clk 0:14:11]} 19. Nf3 {[%clk 0:30:00]} Bf6 {[%clk
0:12:11]} 20. Re1 {[%clk 0:21:00]} Nxc3 {[%clk 0:11:01]} 21. Re3 {[%clk 0:16:12]}
Ne2+ {[%clk 0:07:51]} 22. Kh2 {[%clk 0:13:40]} Nxc1 {[%clk 0:08:12]} 23. Rxc1
{[%clk 0:13:30]} Bc4 {[%clk 0:08:22]} 24. Rce1 {[%clk 0:11:21]} Be6 {[%clk
0:07:55]} 25. b3 {[%clk 0:10:42]} Rd8 {[%clk 0:07:57]} 26. R1e2 {[%clk 0:09:24]}
g6 {[%clk 0:08:09]} 27. Rd2 {[%clk 0:08:56]} Rc8 {[%clk 0:07:17]} 28. Kg3 {[%clk
0:07:12]} c5 {[%clk 0:06:23]} 29. h4 {[%clk 0:05:53]} Bd8 {[%clk 0:06:31]} 30.
Ng5 {[%clk 0:05:21]} Bf5 {[%clk 0:05:02]} 31. Re8+ {[%clk 0:05:21]} 1-0

[Event "Campeonato España Sub 14"]
[Site "Salobreña"]
[Date "2017.07.21"]
[Round "7"]
[White "Bertomeu Ginestar, Antoni"]
[Black "Reboredo Martinez, Claudio"]
[Result "0-1"]
[Board "23"]
[WhiteClock "1:30"]
[WhiteElo "1660"]
[WhiteCountry "ESP"]
[WhiteFideId "24528277"]
[WhiteEloChange "-6"]
[BlackClock "1:30"]
[BlackElo "1796"]
[BlackCountry "ESP"]
[BlackFideId "24557153"]
[BlackEloChange "6"]

1. e4 {[%clk 1:30:00]} c5 {[%clk 1:30:00]} 2. Nc3 {[%clk 1:30:00]} g6 {[%clk
1:30:00]} 3. f4 {[%clk 1:30:00]} e6 {[%clk 1:30:00]} 4. Nf3 {[%clk 1:29:00]} Bg7
{[%clk 1:30:00]} 5. Bc4 {[%clk 1:28:00]} Ne7 {[%clk 1:31:00]} 6. d3 {[%clk
1:27:00]} O-O {[%clk 1:31:00]} 7. Bb3 {[%clk 1:26:00]} Nbc6 {[%clk 1:31:00]} 8.
O-O {[%clk 1:26:00]} d6 {[%clk 1:31:00]} 9. Qe1 {[%clk 1:26:00]} Nd4 {[%clk
1:30:00]} 10. Nxd4 {[%clk 1:26:00]} cxd4 {[%clk 1:31:00]} 11. Ne2 {[%clk
1:27:00]} Nc6 {[%clk 1:27:00]} 12. Qg3 {[%clk 1:20:00]} Na5 {[%clk 1:22:00]} 13.
Bd2 {[%clk 1:11:00]} Nxb3 {[%clk 1:21:00]} 14. axb3 {[%clk 1:12:00]} f5 {[%clk
1:20:00]} 15. e5 {[%clk 1:05:00]} dxe5 {[%clk 1:15:00]} 16. fxe5 {[%clk 1:05:00]}
Qd5 {[%clk 1:12:00]} 17. Ra5 {[%clk 0:51:00]} b5 {[%clk 1:10:00]} 18. c4 {[%clk
0:48:00]} dxc3 {[%clk 1:09:00]} 19. Bxc3 {[%clk 0:48:00]} Rd8 {[%clk 1:02:00]}
20. Qf3 {[%clk 0:44:00]} Qxf3 {[%clk 0:59:00]} 21. Rxf3 {[%clk 0:44:00]} Bb7
{[%clk 0:57:00]} 22. Re3 {[%clk 0:42:00]} a6 {[%clk 0:55:00]} 23. Ra1 {[%clk
0:40:00]} g5 {[%clk 0:50:00]} 24. g3 {[%clk 0:37:00]} Rd7 {[%clk 0:47:00]} 25. d4
{[%clk 0:25:00]} Bd5 {[%clk 0:45:00]} 26. b4 {[%clk 0:21:00]} Bf8 {[%clk
0:44:00]} 27. Nc1 {[%clk 0:17:00]} f4 {[%clk 0:31:00]} 28. Re1 {[%clk 0:15:56]}
f3 {[%clk 0:30:00]} 29. Kf2 {[%clk 0:16:21]} a5 {[%clk 0:26:00]} 30. Nd3 {[%clk
0:12:05]} a4 {[%clk 0:23:00]} 31. Re3 {[%clk 0:11:28]} Rda7 {[%clk 0:18:59]} 32.
Ra3 {[%clk 0:11:30]} h5 {[%clk 0:17:39]} 33. h3 {[%clk 0:10:55]} Bh6 {[%clk
0:15:16]} 34. Re1 {[%clk 0:10:39]} g4 {[%clk 0:12:34]} 35. h4 {[%clk 0:11:00]}
Bc4 {[%clk 0:11:51]} 36. Nf4 {[%clk 0:07:02]} Bxf4 {[%clk 0:12:07]} 37. gxf4
{[%clk 0:07:26]} Rf7 {[%clk 0:11:28]} 38. Kg3 {[%clk 0:07:49]} f2 {[%clk
0:09:04]} 39. Kxf2 {[%clk 0:08:13]} Rxf4+ {[%clk 0:09:28]} 40. Kg1 {[%clk
0:06:47]} Raf8 {[%clk 0:09:45]} 41. Bd2 {[%clk 0:02:08]} Rf2 {[%clk 0:09:49]} 42.
Bg5 {[%clk 0:01:17]} Rxb2 {[%clk 0:09:06]} 43. Rg3 {[%clk 0:01:14]} Rf3 {[%clk
0:06:30]} 44. Rg2 {[%clk 0:00:53]} Rxb4 {[%clk 0:05:22]} 45. Ra1 {[%clk 0:00:52]}
a3 {[%clk 0:04:36]} 46. Be7 {[%clk 0:01:14]} Ra4 {[%clk 0:04:36]} 0-1

[Event "Campeonato España Sub 14"]
[Site "Salobreña"]
[Date "2017.07.21"]
[Round "7"]
[White "Garcia Gimenez, Santiago"]
[Black "Ayensa Garcia, Miguel Angel"]
[Result "1-0"]
[Board "24"]
[WhiteClock "1:30"]
[WhiteElo "2064"]
[WhiteCountry "ESP"]
[WhiteFideId "32063350"]
[WhiteEloChange "2"]
[BlackClock "1:30"]
[BlackElo "1663"]
[BlackCountry "ESP"]
[BlackFideId "32079818"]
[BlackEloChange "-2"]

1. e4 {[%clk 1:30:00]} c5 {[%clk 1:30:00]} 2. Nf3 {[%clk 1:31:00]} g6 {[%clk
1:30:00]} 3. d4 {[%clk 1:31:00]} cxd4 {[%clk 1:31:00]} 4. Nxd4 {[%clk 1:31:00]}
Bg7 {[%clk 1:31:00]} 5. Nc3 {[%clk 1:31:00]} Nc6 {[%clk 1:31:00]} 6. Be3 {[%clk
1:31:00]} Nf6 {[%clk 1:31:00]} 7. Bc4 {[%clk 1:31:00]} Qa5 {[%clk 1:31:00]} 8.
O-O {[%clk 1:32:00]} O-O {[%clk 1:32:00]} 9. Nb3 {[%clk 1:28:00]} Qc7 {[%clk
1:29:00]} 10. Be2 {[%clk 1:25:00]} d6 {[%clk 1:28:00]} 11. f4 {[%clk 1:25:00]} a6
{[%clk 1:27:00]} 12. a4 {[%clk 1:24:00]} Bd7 {[%clk 1:22:00]} 13. a5 {[%clk
1:22:00]} Qc8 {[%clk 1:18:00]} 14. Kh1 {[%clk 1:19:00]} Bg4 {[%clk 1:16:00]} 15.
Ra4 {[%clk 1:08:00]} Bxe2 {[%clk 1:15:00]} 16. Qxe2 {[%clk 1:04:00]} Qg4 {[%clk
1:13:00]} 17. Qxg4 {[%clk 1:02:00]} Nxg4 {[%clk 1:14:00]} 18. Bb6 {[%clk
1:02:00]} Nf6 {[%clk 1:12:00]} 19. h3 {[%clk 1:02:00]} Nd7 {[%clk 1:09:00]} 20.
Be3 {[%clk 1:01:00]} f5 {[%clk 1:07:00]} 21. Rd1 {[%clk 0:59:00]} Rad8 {[%clk
1:05:00]} 22. g3 {[%clk 0:58:00]} Kh8 {[%clk 0:59:00]} 23. Kg2 {[%clk 0:57:00]}
Rf7 {[%clk 0:56:00]} 24. Rd2 {[%clk 0:54:00]} Bf8 {[%clk 0:53:00]} 25. Nd4 {[%clk
0:53:00]} Nxd4 {[%clk 0:52:00]} 26. Bxd4+ {[%clk 0:54:00]} Bg7 {[%clk 0:52:00]}
27. Rb4 {[%clk 0:54:00]} Bxd4 {[%clk 0:51:00]} 28. Rdxd4 {[%clk 0:55:00]} Nc5
{[%clk 0:50:00]} 29. Rb6 {[%clk 0:53:00]} Rc8 {[%clk 0:48:00]} 30. Rc4 {[%clk
0:52:00]} Rb8 {[%clk 0:44:00]} 31. exf5 {[%clk 0:46:00]} Rxf5 {[%clk 0:41:00]}
32. g4 {[%clk 0:45:00]} Rf7 {[%clk 0:40:00]} 33. Nd5 {[%clk 0:42:00]} Kg7 {[%clk
0:36:00]} 34. Rcb4 {[%clk 0:35:00]} h5 {[%clk 0:27:00]} 35. Ne3 {[%clk 0:31:00]}
hxg4 {[%clk 0:26:00]} 36. hxg4 {[%clk 0:32:00]} Rbf8 {[%clk 0:21:00]} 37. Kg3
{[%clk 0:31:00]} Kh7 {[%clk 0:19:58]} 38. Rc4 {[%clk 0:30:00]} Rb8 {[%clk
0:18:57]} 39. Ng2 {[%clk 0:29:00]} Nd7 {[%clk 0:16:39]} 40. Rb3 {[%clk 0:29:00]}
Nc5 {[%clk 0:15:49]} 41. Re3 {[%clk 0:29:00]} b5 {[%clk 0:15:16]} 42. axb6 {[%clk
0:30:00]} Rxb6 {[%clk 0:15:32]} 43. b4 {[%clk 0:30:00]} Nb7 {[%clk 0:13:24]} 44.
Rce4 {[%clk 0:30:00]} Kg8 {[%clk 0:13:21]} 45. Nh4 {[%clk 0:30:00]} d5 {[%clk
0:12:01]} 46. Rxe7 {[%clk 0:30:00]} Rxb4 {[%clk 0:11:38]} 47. Nxg6 {[%clk
0:30:00]} Nd6 {[%clk 0:11:19]} 48. R3e6 {[%clk 0:29:00]} Ne4+ {[%clk 0:11:21]}
49. Kg2 {[%clk 0:28:00]} Rc4 {[%clk 0:11:14]} 50. Rxa6 {[%clk 0:28:00]} Rxc2+
{[%clk 0:11:29]} 51. Kf3 {[%clk 0:27:00]} Rc3+ {[%clk 0:11:38]} 52. Ke2 {[%clk
0:28:00]} Rc2+ {[%clk 0:11:57]} 53. Kd1 {[%clk 0:28:00]} Rf2 {[%clk 0:09:55]} 54.
f5 {[%clk 0:27:00]} Nc3+ {[%clk 0:09:06]} 55. Ke1 {[%clk 0:27:00]} Rg2 {[%clk
0:09:12]} 56. Re8+ {[%clk 0:26:00]} Kg7 {[%clk 0:09:11]} 57. Ne5 {[%clk 0:25:00]}
Re2+ {[%clk 0:08:59]} 58. Kf1 {[%clk 0:25:00]} Rb7 {[%clk 0:08:16]} 59. f6+
{[%clk 0:25:00]} Kh7 {[%clk 0:08:23]} 60. Ra1 {[%clk 0:25:00]} Rbb2 {[%clk
0:07:11]} 61. Re7+ {[%clk 0:25:00]} Kh6 {[%clk 0:07:25]} 62. Nd3 {[%clk 0:25:00]}
Rxe7 {[%clk 0:06:47]} 63. fxe7 {[%clk 0:25:00]} Re2 {[%clk 0:06:58]} 64. Re1
{[%clk 0:25:00]} 1-0

[Event "Campeonato España Sub 14"]
[Site "Salobreña"]
[Date "2017.07.21"]
[Round "7"]
[White "Aledo Yanguas, David"]
[Black "Cisneros Serra, Javier"]
[Result "1-0"]
[Board "25"]
[WhiteClock "1:30"]
[WhiteElo "1992"]
[WhiteCountry "ESP"]
[WhiteFideId "22287108"]
[WhiteEloChange "2"]
[BlackClock "1:30"]
[BlackElo "1651"]
[BlackCountry "ESP"]
[BlackFideId "32066040"]
[BlackEloChange "-2"]

1. e4 {[%clk 1:30:00]} c5 {[%clk 1:30:00]} 2. c3 {[%clk 1:31:00]} d5 {[%clk
1:31:00]} 3. exd5 {[%clk 1:31:00]} Nf6 {[%clk 1:31:00]} 4. d4 {[%clk 1:32:00]}
Nxd5 {[%clk 1:30:00]} 5. Nf3 {[%clk 1:32:00]} e6 {[%clk 1:29:00]} 6. Bd3 {[%clk
1:32:00]} Nc6 {[%clk 1:26:00]} 7. O-O {[%clk 1:32:00]} Bd6 {[%clk 1:24:00]} 8.
Be3 {[%clk 1:31:00]} cxd4 {[%clk 1:18:00]} 9. cxd4 {[%clk 1:31:00]} h6 {[%clk
1:15:00]} 10. Nc3 {[%clk 1:31:00]} Ncb4 {[%clk 1:13:00]} 11. Bb1 {[%clk 1:29:00]}
O-O {[%clk 1:10:00]} 12. a3 {[%clk 1:29:00]} Nxc3 {[%clk 1:10:00]} 13. bxc3
{[%clk 1:26:00]} Nd5 {[%clk 1:03:00]} 14. Qd3 {[%clk 1:26:00]} Nf6 {[%clk
1:03:00]} 15. g4 {[%clk 1:26:00]} g6 {[%clk 0:58:00]} 16. Bxh6 {[%clk 1:24:00]}
Nxg4 {[%clk 0:58:00]} 17. Bxf8 {[%clk 1:24:00]} Qxf8 {[%clk 0:59:00]} 18. h3
{[%clk 1:21:00]} Nf6 {[%clk 0:56:00]} 19. Re1 {[%clk 1:20:00]} Qh6 {[%clk
0:53:00]} 20. Ne5 {[%clk 1:18:00]} b6 {[%clk 0:50:00]} 21. Qf3 {[%clk 1:18:00]}
Qg5+ {[%clk 0:48:00]} 22. Kf1 {[%clk 1:18:00]} Ba6+ {[%clk 0:46:00]} 23. c4
{[%clk 1:17:00]} Bxe5 {[%clk 0:45:00]} 24. Qxa8+ {[%clk 1:13:00]} Kh7 {[%clk
0:45:00]} 25. Bd3 {[%clk 1:12:00]} Bxd4 {[%clk 0:44:00]} 26. Ra2 {[%clk 1:12:00]}
1-0

[Event "Campeonato España Sub 14"]
[Site "Salobreña"]
[Date "2017.07.21"]
[Round "8"]
[White "Henderson de La Fuente, Lance"]
[Black "Quispe Arteaga, Gabriel"]
[Result "1-0"]
[Board "1"]
[WhiteClock "n/a"]
[WhiteElo "2369"]
[WhiteCountry "ESP"]
[WhiteFideId "32096585"]
[WhiteEloChange "6"]
[BlackClock "n/a"]
[BlackTitle "FM"]
[BlackElo "2231"]
[BlackCountry "ESP"]
[BlackFideId "32059809"]
[BlackEloChange "-6"]

1. e4 {[%clk 1:30:30]} c6 {[%clk 1:30:30]} 2. d4 {[%clk 1:30:30]} d5 {[%clk
1:30:30]} 3. e5 {[%clk 1:30:30]} Bf5 {[%clk 1:30:30]} 4. h4 {[%clk 1:30:30]} h5
{[%clk 1:30:30]} 5. Bd3 {[%clk 1:30:30]} Bxd3 {[%clk 1:30:30]} 6. Qxd3 {[%clk
1:30:30]} e6 {[%clk 1:30:30]} 7. Bg5 {[%clk 1:30:30]} Qb6 {[%clk 1:30:30]} 8. Nd2
{[%clk 1:30:30]} Qa6 {[%clk 1:30:30]} 9. c4 {[%clk 1:30:30]} Nd7 {[%clk 1:30:30]}
10. b3 {[%clk 1:30:30]} Nb6 {[%clk 1:30:30]} 11. Ngf3 {[%clk 1:30:30]} Ne7 {[%clk
1:30:30]} 12. O-O {[%clk 1:30:30]} O-O-O {[%clk 1:30:30]} 13. a4 {[%clk 1:30:30]}
dxc4 {[%clk 1:30:30]} 14. bxc4 {[%clk 1:30:30]} Rd7 {[%clk 1:30:30]} 15. a5
{[%clk 1:30:30]} Na8 {[%clk 1:30:30]} 16. Ne4 {[%clk 1:30:30]} Nf5 {[%clk
1:30:30]} 17. Qc3 {[%clk 1:30:30]} c5 {[%clk 1:30:30]} 18. dxc5 {[%clk 1:30:30]}
Qc6 {[%clk 1:30:30]} 19. Nd6+ {[%clk 1:30:30]} Kb8 {[%clk 1:30:30]} 20. Nxf5
{[%clk 1:30:30]} exf5 {[%clk 1:30:30]} 21. e6 {[%clk 1:30:30]} Rc7 {[%clk
1:30:30]} 22. Bf4 {[%clk 1:30:30]} fxe6 {[%clk 1:30:30]} 23. Nd4 {[%clk 1:30:30]}
Qd7 {[%clk 1:30:30]} 24. c6 {[%clk 1:30:30]} bxc6 {[%clk 1:30:30]} 25. Rab1+
{[%clk 1:30:30]} Kc8 {[%clk 1:30:30]} 26. Bxc7 {[%clk 1:30:30]} Nxc7 {[%clk
1:30:30]} 27. Rfd1 {[%clk 1:30:30]} Bd6 {[%clk 1:30:30]} 28. Qf3 {[%clk 1:30:30]}
1-0

[Event "Campeonato España Sub 14"]
[Site "Salobreña"]
[Date "2017.07.21"]
[Round "8"]
[White "Rodriguez Del Cerro, Ricardo"]
[Black "Gines Esteo, Pedro Antonio"]
[Result "0-1"]
[Board "2"]
[WhiteClock "1:30"]
[WhiteElo "2034"]
[WhiteCountry "ESP"]
[WhiteFideId "24512451"]
[WhiteEloChange "-2"]
[BlackClock "1:30"]
[BlackTitle "FM"]
[BlackElo "2375"]
[BlackCountry "ESP"]
[BlackFideId "32080190"]
[BlackEloChange "2"]

1. d4 {[%clk 1:30:00]} d6 {[%clk 1:25:00]} 2. Nf3 {[%clk 1:31:00]} Nf6 {[%clk
1:26:00]} 3. c4 {[%clk 1:31:00]} Nbd7 {[%clk 1:26:00]} 4. g3 {[%clk 1:30:00]} e5
{[%clk 1:25:00]} 5. Bg2 {[%clk 1:31:00]} c6 {[%clk 1:25:00]} 6. Nc3 {[%clk
1:29:00]} e4 {[%clk 1:18:00]} 7. Nd2 {[%clk 1:25:00]} d5 {[%clk 1:19:00]} 8. cxd5
{[%clk 1:24:00]} cxd5 {[%clk 1:17:00]} 9. f3 {[%clk 1:23:00]} exf3 {[%clk
1:16:00]} 10. Bxf3 {[%clk 1:21:00]} h5 {[%clk 1:06:00]} 11. e4 {[%clk 1:08:00]}
dxe4 {[%clk 1:04:00]} 12. Ndxe4 {[%clk 1:07:00]} h4 {[%clk 1:00:00]} 13. O-O
{[%clk 0:50:00]} Nxe4 {[%clk 0:56:00]} 14. Bxe4 {[%clk 0:43:00]} hxg3 {[%clk
0:45:00]} 15. hxg3 {[%clk 0:25:00]} Nf6 {[%clk 0:41:00]} 16. Qf3 {[%clk 0:24:00]}
Bg4 {[%clk 0:30:00]} 17. Qf2 {[%clk 0:13:02]} Be7 {[%clk 0:29:00]} 18. Bxb7
{[%clk 0:09:19]} Rb8 {[%clk 0:27:00]} 19. Bc6+ {[%clk 0:09:07]} Bd7 {[%clk
0:27:00]} 20. Bf3 {[%clk 0:06:25]} Bd6 {[%clk 0:20:00]} 21. Ne4 {[%clk 0:06:25]}
Nxe4 {[%clk 0:17:36]} 22. Bxe4 {[%clk 0:06:54]} Qe7 {[%clk 0:14:07]} 23. Bd5
{[%clk 0:06:58]} O-O {[%clk 0:13:53]} 24. Bf4 {[%clk 0:06:45]} Bxf4 {[%clk
0:13:22]} 25. Qxf4 {[%clk 0:07:10]} Bh3 {[%clk 0:10:14]} 26. Rf2 {[%clk 0:05:26]}
Rb6 {[%clk 0:10:43]} 27. Rh2 {[%clk 0:02:13]} Qd7 {[%clk 0:10:54]} 28. Bg2 {[%clk
0:01:57]} Bg4 {[%clk 0:08:38]} 29. Qe4 {[%clk 0:01:03]} Bf5 {[%clk 0:04:57]} 30.
Qh4 {[%clk 0:01:29]} Rh6 {[%clk 0:05:21]} 31. Qf4 {[%clk 0:01:57]} Rxh2 {[%clk
0:04:46]} 32. Kxh2 {[%clk 0:02:26]} Rc8 {[%clk 0:04:21]} 33. Rf1 {[%clk 0:02:34]}
Be6 {[%clk 0:03:09]} 34. a3 {[%clk 0:02:10]} Rc4 {[%clk 0:02:43]} 35. Qb8+ {[%clk
0:02:37]} Kh7 {[%clk 0:02:46]} 36. Rd1 {[%clk 0:01:02]} Rc2 {[%clk 0:01:10]} 37.
Kg1 {[%clk 0:00:38]} Bd5 {[%clk 0:01:22]} 38. Be4+ {[%clk 0:00:32]} Bxe4 {[%clk
0:01:43]} 39. Qf4 {[%clk 0:00:44]} Rg2+ {[%clk 0:01:56]} 40. Kf1 {[%clk 0:01:03]}
Qb5+ {[%clk 0:01:56]} 0-1